| 000 | 00446pab a2200181 454500 | ||
|---|---|---|---|
| 008 | 180718b2010 xxu||||| |||| 00| 0 eng d | ||
| 100 | _aTalawar, M.S. | ||
| 245 | _aTotal quality management in higher education | ||
| 260 | _c2010 | ||
| 300 | _ap.12-14. | ||
| 362 | _a4 Jan | ||
| 650 | _aHigher education | ||
| 650 | _aTotal quality management | ||
| 700 | _aKumar, T. Pradeep | ||
| 773 | _aUniversity News | ||
| 908 | _aN | ||
| 909 | _a85519 | ||
| 999 |
_c85519 _d85519 |
||